| 000 | 00554nam a2200193Ia 4500 | ||
|---|---|---|---|
| 003 | IN-BaIIA | ||
| 008 | 211028s9999 xx 000 0 eng d | ||
| 020 | _a978-0-09-177395-3 | ||
| 040 | _cIIA Library | ||
| 080 |
_a539.1 _bWEI |
||
| 100 |
_aWeinberg, Steven _97609 |
||
| 245 | 0 |
_aDreams of a final theory _cSteven Weinberg |
|
| 260 |
_aLondon _bHutchinson _c1993 |
||
| 300 | _axi, 260p. | ||
| 650 |
_aFinal theory _918691 |
||
| 650 |
_aHigh energy physics _92205 |
||
| 650 | _aNASA Thesaurus | ||
| 942 | _cBK | ||
| 999 |
_c11092 _d11092 |
||